| 000 | 00576nam a22002177a 4500 | ||
|---|---|---|---|
| 003 | OSt | ||
| 005 | 20140310182822.0 | ||
| 008 | 130305t xxu||||| |||| 00| 0 eng d | ||
| 020 | _a0872207722 | ||
| 050 |
_aPL 2478 _b.Sl633 2006 |
||
| 082 |
_aM 181.112 _bC748 2006 |
||
| 245 |
_aThe essential analects : _cSlingerland, Edward G _b(Confucius) |
||
| 260 |
_aIndianapolis/Cambridge _bHackett Pub. Co. _cc2006 |
||
| 300 |
_a164p. _c22cm. |
||
| 521 | _aCollege | ||
| 526 | _c1210L-1700L | ||
| 541 | _j1 | ||
| 541 | _j2 | ||
| 562 | _e2 | ||
| 942 |
_2lcc _cBK _kM |
||
| 999 |
_c16427 _d16427 |
||